Les plus grandes villes du Royaume-Uni - Statistiques

Statistiques générales
  • Ce quiz a été pris 155 fois
  • Le résultat moyen est 10 sur 15
Statistiques - réponses
Population Nations Villes % Correct
8 250 000 Angleterre Londres
99%
464 000 Angleterre Manchester
97%
435 000 Angleterre Liverpool
94%
441 000 Ecosse Edimbourg
92%
1 086 000 Angleterre Birmingham
90%
591 000 Ecosse Glasgow
90%
307 000 Pays de Galles Cardiff
84%
275 000 Irlande du Nord Belfast
78%
430 000 Angleterre Leeds
74%
341 000 Angleterre Newcastle Upon Tyne
71%
429 000 Angleterre Bristol
56%
429 000 Angleterre Sheffield
56%
310 000 Angleterre Coventry
32%
302 000 Angleterre Kingston Uppon Hull
21%
301 000 Angleterre Bradford
12%
Aucun quiz correspondant
Distribution des résultats
% des personnes avec chaque résultat
Percentile par nombre de réponses
Votre historique - résultats
Vous n’avez pas pris ce quiz